| 000 | 00539nam a2200181Ia 4500 | ||
|---|---|---|---|
| 999 |
_c1693 _d1693 |
||
| 003 | OSt | ||
| 005 | 20200923093231.0 | ||
| 008 | 190216s9999||||xx |||||||||||||| ||und|| | ||
| 020 | _a9788121927857 | ||
| 040 | _coclc | ||
| 082 |
_a588 _bVAS/B |
||
| 100 |
_aVashishta, P C _94771 |
||
| 245 | 0 |
_aBotany For Degree Students: _bPteridophyta / _cP C Vashishta ; A K Sinha ; Anil Kumar |
|
| 260 |
_bS Chand & Company, _aNew Delhi: _c2005. |
||
| 300 | _a628p | ||
| 650 | _aBotany | ||
| 942 |
_cBK _2ddc _h588 _iVAS/B _k588 _mVAS/B |
||